Challenges for the 21th century: A gender perspective on nutrition through the life cycle

Đã lưu trong:
书目详细资料
主要作者: OMS
格式: 图书
语言:Undetermined
出版: 1998
标签: 添加标签
没有标签, 成为第一个标记此记录!
Thư viện lưu trữ: Trung tâm Học liệu Trường Đại học Cần Thơ
LEADER 00446nam a2200145Ia 4500
001 CTU_34393
008 210402s9999 xx 000 0 und d
082 |a 306.2 
082 |b Ch437 
100 |a OMS 
245 0 |a Challenges for the 21th century: A gender perspective on nutrition through the life cycle 
245 0 |c OMS 
260 |c 1998 
904 |i Nguyễn Quang Điền, 991207 
980 |a Trung tâm Học liệu Trường Đại học Cần Thơ